|
|
|
|
| LEADER |
00000nam a2200000Ia 4500 |
| 001 |
ELB147713 |
| 003 |
FINmELB |
| 005 |
20201022193357.0 |
| 006 |
m o d | |
| 007 |
cr cn||||||||| |
| 008 |
130410s2008 enkac s 000 0 eng d |
| 020 |
|
|
|z 1847189717
|
| 020 |
|
|
|z 9781847189622
|
| 020 |
|
|
|z 9781443846974
|
| 035 |
|
|
|a (OCoLC)1230506176
|
| 040 |
|
|
|a FINmELB
|c FINmELB
|d FINmELB
|
| 041 |
1 |
|
|a eng
|a ita
|
| 050 |
|
4 |
|a ML410.M61
|b A3 2008
|
| 100 |
1 |
|
|a Meyerbeer, Giacomo,
|d 1791-1864.
|
| 245 |
1 |
0 |
|a Meyerbeer libretti Italian operas 1 :
|b Romilda e Constanza ; Semiramide /
|c edited by Richard Arsenty (translations and Robert Ignatius Letellier (introductions)).
|
| 246 |
3 |
0 |
|a Meyerbeer libretti Italian operas 1
|
| 246 |
3 |
|
|a Meyerbeer libretti Italian operas one
|
| 246 |
3 |
0 |
|a Romilda e Constanza ; Semiramide
|
| 246 |
3 |
0 |
|a Semiramide
|
| 246 |
3 |
|
|a Meyerbeer libretti complete libretti in eleven volumes
|
| 260 |
|
|
|a London :
|b Cambridge Scholars Press,
|c 2008.
|
| 300 |
|
|
|a xix, 333 p. :
|b ill., ports.
|
| 500 |
|
|
|a Volume 2 of Giacomo Meyerbeer : the complete libretti in eleven volumes in the original and in English translations.
|
| 546 |
|
|
|a Text in English and Italian.
|
| 588 |
|
|
|a Description based on metadata supplied by the publisher and other sources.
|
| 590 |
|
|
|a Electronic reproduction. Santa Fe, Arg.: elibro, 2020. Available via World Wide Web. Access may be limited to eLibro affiliated libraries.
|
| 600 |
1 |
0 |
|a Meyerbeer, Giacomo,
|d 1791-1864.
|t Operas.
|
| 650 |
|
0 |
|a Operas
|v Librettos.
|
| 655 |
|
4 |
|a Electronic books.
|
| 700 |
1 |
|
|a Arsenty, Richard.
|
| 700 |
1 |
|
|a Letellier, Robert Ignatius.
|
| 797 |
2 |
|
|a elibro, Corp.
|
| 856 |
4 |
0 |
|u https://elibro.uam.elogim.com/ereader/bidiuam/147713
|z Texto completo
|
| 950 |
|
|
|a eLibro English
|